Statistics for Top 15 Countries with Covid-19 Cases - 4 May 2022

Click here to take the quiz!

General Stats

  • This quiz has been taken 22 times
  • The average score is 17 of 29

Answer Stats

country% Correct
France
100%
Spain
100%
United States
100%
Italy
90%
Russia
90%
Germany
86%
India
86%
United Kingdom
86%
Brazil
81%
Japan
71%
South Korea
67%
Argentina
62%
Portugal
62%
Belgium
57%
Turkey
57%
Netherlands
52%
Netherlands
52%
Austria
48%
Czechia
48%
Denmark
48%
Switzerland
43%
Vietnam
38%
Israel
33%
Latvia
29%
Lithuania
29%
Slovenia
29%
Estonia
24%
Georgia
14%
Cyprus
10%

Score Distribution

Percentile by Number Answered

Percent of People with Each Score

Your Score History

You have not taken this quiz